Astitvawad : Paksh aur vipaksh (Record no. 1376718)

MARC details
000 -LEADER
fixed length control field 00570nam a2200205Ia 4500
005 - DATE AND TIME OF LATEST TRANSACTION
control field 20250508162450.0
008 - FIXED-LENGTH DATA ELEMENTS--GENERAL INFORMATION
fixed length control field 008 250505s9999 xx 000 0 hin d
037 ## - SOURCE OF ACQUISITION
Stock number Textual
040 ## - CATALOGING SOURCE
Original cataloging agency FEDL
Language of cataloging eng
Transcribing agency FEDL
041 ## - LANGUAGE CODE
Language code of text/sound track or separate title hin
Source of code hin
084 ## - COLON CLASSIFICATION NUMBER
Classification number 142.78, RUB
Assigning agency FEDL
100 ## - MAIN ENTRY--PERSONAL NAME
Personal name Rubychek Paul
9 (RLIN) 773212
245 #0 - TITLE STATEMENT
Title Astitvawad : Paksh aur vipaksh
260 ## - PUBLICATION, DISTRIBUTION, ETC.
Place of publication, distribution, etc. Bhopal, India
Name of publisher, distributor, etc. Madhya Pardesh Hindi Granth Academy
Date of publication, distribution, etc. 1973
300 ## - PHYSICAL DESCRIPTION
Extent 182p.
365 ## - TRADE PRICE
Price type code INR
Price amount 10
650 ## - SUBJECT ADDED ENTRY--TOPICAL TERM
Topical term or geographic name entry element Philosophy
942 ## - ADDED ENTRY ELEMENTS (KOHA)
Koha item type Textual
Classification part 142.78, RUB
Holdings
Withdrawn status Lost status Damaged status Not for loan Home library Current library Date acquired Cost, normal purchase price Total Checkouts Full call number Barcode Date last seen Price effective from Koha item type
        Department of Education Library Department of Education Library 2025-05-08 10.00   142.78, RUB EL0069074 2025-05-08 2025-05-08 Textual
Copyright @ Delhi University Library System